Colombia : (Registro nro. 3896)
[ vista simple ]
| 000 -LEADER | |
|---|---|
| fixed length control field | 01625nam a2200313Ia 4500 |
| 003 - CONTROL NUMBER IDENTIFIER | |
| control field | OSt |
| 005 - DATE AND TIME OF LATEST TRANSACTION | |
| control field | 20201005153846.0 |
| 008 - FIXED-LENGTH DATA ELEMENTS--GENERAL INFORMATION | |
| fixed length control field | 191128s2016 ck ao gr 000 0 spa d |
| 020 ## - INTERNATIONAL STANDARD BOOK NUMBER | |
| International Standard Book Number | 9789585951327 |
| 040 ## - CATALOGING SOURCE | |
| Original cataloging agency | CO-JMCR |
| Transcribing agency | CO-JMCR |
| 041 1# - LANGUAGE CODE | |
| Language code of text/sound track or separate title | spa |
| Language code of original | eng |
| 082 04 - DEWEY DECIMAL CLASSIFICATION NUMBER | |
| Classification number | 634.04 / |
| Item number | C317c |
| Edition number | 23 |
| 100 1# - MAIN ENTRY--PERSONAL NAME | |
| Personal name | Carrillo Bautista, Marcela Piedad, |
| Relator term | autora |
| 9 (RLIN) | 7069 |
| 245 #0 - TITLE STATEMENT | |
| Title | Colombia : |
| Remainder of title | frutas de la Amazonia : Colombia Amazonian fruits / |
| Statement of responsibility, etc. | Marcela Piedad Carrillo Bautista, Juliana Erika Cristina Cardona Jaramillo, Jaime Alberto Barrera García |
| 250 ## - EDITION STATEMENT | |
| Edition statement | Primera edición |
| 260 ## - PUBLICATION, DISTRIBUTION, ETC. | |
| Place of publication, distribution, etc. | Bogotá : |
| Name of publisher, distributor, etc. | Instituto Amazónico de Investigaciones Científicas Sinchi : Ministerios de Ambiente y Desarrollo Sostenible, |
| Date of publication, distribution, etc. | 2016. |
| 300 ## - PHYSICAL DESCRIPTION | |
| Extent | 67 páginas : |
| Other physical details | fotografías ; |
| Dimensions | 20 cm. |
| 504 ## - BIBLIOGRAPHY, ETC. NOTE | |
| Bibliography, etc. note | Incluye bibliografía. |
| 520 0# - SUMMARY, ETC. | |
| Summary, etc. | Frutas de la amazonia es un esfuerzo del Instituto Amazónico de Investigaciones Científicas SINCHI para promover la producción regional e incorporar a la cadena productiva los frutales amazónicos. Recopila información básica sobre usos. |
| 546 ## - LANGUAGE NOTE | |
| Language note | Texto en Español e Inglés. |
| 650 24 - SUBJECT ADDED ENTRY--TOPICAL TERM | |
| Topical term or geographic name entry element | Frutas -- Amazonas |
| Geographic subdivision | (Región, Colombia) |
| 9 (RLIN) | 11252 |
| 650 24 - SUBJECT ADDED ENTRY--TOPICAL TERM | |
| Topical term or geographic name entry element | Frutas tropicales |
| Geographic subdivision | Amazonas (Región, Colombia) |
| 9 (RLIN) | 11253 |
| 650 24 - SUBJECT ADDED ENTRY--TOPICAL TERM | |
| Topical term or geographic name entry element | Fruticultura |
| Geographic subdivision | Amazonas (Región, Colombia) |
| 9 (RLIN) | 11254 |
| 650 24 - SUBJECT ADDED ENTRY--TOPICAL TERM | |
| Topical term or geographic name entry element | Frutas |
| General subdivision | Aspectos nutricionales |
| Geographic subdivision | Amazonas (Región, Colombia) |
| 9 (RLIN) | 11255 |
| 700 1# - ADDED ENTRY--PERSONAL NAME | |
| Personal name | Cardona Jaramillo, Juliana Erika Cristina, |
| Relator term | autor |
| 9 (RLIN) | 7074 |
| 700 1# - ADDED ENTRY--PERSONAL NAME | |
| Personal name | Barrera García, Jaime Alberto, |
| Relator term | autor |
| 9 (RLIN) | 11256 |
| 700 1# - ADDED ENTRY--PERSONAL NAME | |
| Personal name | Hernández Gómez, María Soledad, |
| Relator term | autor |
| 9 (RLIN) | 11257 |
| 942 ## - ADDED ENTRY ELEMENTS (KOHA) | |
| Source of classification or shelving scheme | Dewey Decimal Classification |
| Koha item type | Books |
| Withdrawn status | Lost status | Source of classification or shelving scheme | Materials specified (bound volume or other part) | Damaged status | Not for loan | Home library | Current library | Shelving location | Date acquired | Source of acquisition | Full call number | Barcode | Date last seen | Copy number | Price effective from | Koha item type |
|---|---|---|---|---|---|---|---|---|---|---|---|---|---|---|---|---|
| Dewey Decimal Classification | Donación--01/12/2017-- | Biblioteca Pública José María del Castillo y Rada | Biblioteca Pública José María del Castillo y Rada | General Stacks | 11/28/2019 | Donación | 634.04 / C317c | 201808496 | 05/16/2024 | Ej.1 | 11/28/2019 | Books |